[Event "12.Città di Padova Open A"]
[Site "Padova"]
[Date "2009.12.17"]
[Round "6.18"]
[White "Fracasso Pezzolato, Michele"]
[Black "Lodi, Paolo"]
[Result "1/2-1/2"]
[WhiteElo "1832"]
[BlackElo "1627"]
[Annotator "Gabriele Ballarin"]
[PlyCount "126"]
[EventDate "2009.12.13"]
[EventType "swiss"]
[EventRounds "9"]
[EventCountry "ITA"]

1. e4 e6 2. d4 d5 3. e5 c5 4. c3 Nc6 5. Nf3 Qb6 6. a3 a6 7. b4 cxd4 8. cxd4 Bd7 9. Nc3 Na7 10. Bb2 Rc8 11. Rc1 Ne7 12. Bd3 Ng6 13. Qd2 Be7 14. O-O O-O 15. Bc2 Qd8 16. g3 b5 17. h4 f5 18. exf6 Rxf6 19. Qd3 Bd6 20. h5 Nf8 21. Rce1 Qc7 22. Ne5 Be8 23. g4 Qe7 24. Bc1 Bxe5 25. Rxe5 Qf7 26. f4 h6 27. g5 hxg5 28. Rxg5 Rh6 29. Bd1 Qf6 30. f5 Rc4 31. fxe6 Qxd4+ 32. Qxd4 Rxd4 33. Rxg7+ Kxg7 34. Bxh6+ Kxh6 35. Rxf8 Bc6 36. e7 Rd3 37. Rf3 Rxf3 38. Bxf3 Nc8 39. e8=Q Bxe8 40. Bxd5 Nd6 41. Bf3 Bxh5 42. Bxh5 Kxh5 43. Kf2 Nc4 44. a4 bxa4 45. Nxa4 Kg4 46. Ke2 Na3 47. Kd3 Nb5 48. Nc5 Nc7 49. Kd4 Kf5 50. Nxa6 Nxa6 51. b5 Nc7 52. b6 Na6 53. Kd5 Kf6 54. Kd6 Kf7 55. Kd7 Kf8 56. Kd8 Kf7 57. Kd7 Kf8 58. Kc6 Ke8 59. Kb7 Nc5+ 60. Kc6 Na6 61. b7 Nb8+ 62. Kc7 Na6+ 63. Kc8 Ke7 1/2-1/2

[Event "12.Città di Padova Open A"]
[Site "Padova"]
[Date "2009.12.18"]
[Round "7.1"]
[White "Grover, Sahaj"]
[Black "Fercec, Nenad"]
[Result "1-0"]
[WhiteElo "2372"]
[BlackElo "2483"]
[Annotator "Gabriele Ballarin"]
[PlyCount "85"]
[EventDate "2009.12.13"]
[EventType "swiss"]
[EventRounds "9"]
[EventCountry "ITA"]

1. e4 c5 2. Nf3 Nc6 3. Nc3 d6 4. d4 cxd4 5. Nxd4 Nf6 6. Bg5 e6 7. Qd2 a6 8. O-O-O Bd7 9. f3 Be7 10. Be3 h5 11. Kb1 Qc7 12. h4 Ne5 13. Bg5 b5 14. Bd3 b4 15. Nce2 a5 16. g4 hxg4 17. f4 Nc4 18. Bxc4 Qxc4 19. Ng3 a4 20. e5 Nd5 21. Bxe7 Nc3+ 22. bxc3 bxc3 23. Qd3 Qb4+ 24. Nb3 axb3 25. cxb3 Bb5 26. Qc2 Kxe7 27. exd6+ Kd7 28. f5 e5 29. Rhe1 f6 30. Re4 Qc5 31. Rxg4 Bc6 32. Rc4 Qa5 33. Rxc3 Rhc8 34. Rc1 Ra6 35. Qd2 Qb4 36. h5 Qa3 37. R1c2 Rh8 38. Qd1 Qb4 39. Rc4 Qa5 40. Qg4 Qe1+ 41. Rc1 Qa5 42. Qxg7+ Kxd6 43. Rd1+ 1-0

[Event "12.Città di Padova Open A"]
[Site "Padova"]
[Date "2009.12.18"]
[Round "7.3"]
[White "Zaja, Ivan"]
[Black "Dvirnyy, Danyyil"]
[Result "1-0"]
[WhiteElo "2463"]
[BlackElo "2461"]
[Annotator "Gabriele Ballarin"]
[PlyCount "101"]
[EventDate "2009.12.13"]
[EventType "swiss"]
[EventRounds "9"]
[EventCountry "ITA"]

1. d4 Nf6 2. c4 g6 3. Nc3 Bg7 4. e4 d6 5. f3 O-O 6. Be3 c5 7. dxc5 dxc5 8. Qxd8 Rxd8 9. Bxc5 Nc6 10. Nge2 b6 11. Ba3 e6 12. Rd1 Ba6 13. Nb5 Rxd1+ 14. Kxd1 Bxb5 15. cxb5 Ne5 16. Nc3 Bf8 17. Bxf8 Kxf8 18. Be2 Rd8+ 19. Kc2 g5 20. h4 h6 21. g3 Ke7 22. a4 Rd4 23. hxg5 hxg5 24. b3 Ng6 25. Bd3 Ne5 26. Be2 Ng6 27. Na2 g4 28. Kc3 e5 29. Nb4 gxf3 30. Nc6+ Kd6 31. Bxf3 Nxe4+ 32. Bxe4 Rxe4 33. Rd1+ Kc7 34. Rf1 Rg4 35. Rxf7+ Kd6 36. Rf6+ Kc7 37. Rf7+ Kd6 38. Rf6+ Kc7 39. Nxa7 Ne7 40. Re6 Rxg3+ 41. Kb2 Nf5 42. Nc6 Rg2+ 43. Ka3 Ne3 44. Nb4 Re2 45. a5 bxa5 46. Na6+ Kc8 47. Rc6+ Kb7 48. Nc5+ Kb8 49. b6 Nc2+ 50. Ka4 Rd2 51. Rc7 1-0

[Event "12.Città di Padova Open A"]
[Site "Padova"]
[Date "2009.12.18"]
[Round "7.5"]
[White "Dervishi, Erald"]
[Black "Kizov, Atanas"]
[Result "1/2-1/2"]
[WhiteElo "2564"]
[BlackElo "2415"]
[Annotator "Gabriele Ballarin"]
[PlyCount "99"]
[EventDate "2009.12.13"]
[EventType "swiss"]
[EventRounds "9"]
[EventCountry "ITA"]

1. e4 e5 2. Nf3 Nc6 3. Bb5 Nf6 4. O-O Bc5 5. d3 Nd4 6. Nxd4 Bxd4 7. Nd2 c6 8. Ba4 d6 9. c3 Bb6 10. Bb3 h6 11. Nc4 Bc7 12. Re1 O-O 13. Ne3 d5 14. Qf3 Be6 15. Nf5 Bxf5 16. Qxf5 Qc8 17. Qf3 dxe4 18. dxe4 Qg4 19. Qxg4 Nxg4 20. g3 Bb6 21. Re2 Rad8 22. Kg2 Nf6 23. Bc2 Nd7 24. a4 a5 25. Rb1 Bc5 26. Bd2 Nb6 27. Bb3 Nc8 28. f4 exf4 29. Bxf4 Ne7 30. g4 g5 31. Bg3 Ng6 32. Rf1 Kg7 33. e5 Rde8 34. Rf5 Bb6 35. Bc4 Re7 36. e6 fxe6 37. Rxe6 Rxe6 38. Bxe6 Nf4+ 39. Bxf4 Rxf5 40. Bxf5 gxf4 41. Bc8 Be3 42. Bxb7 c5 43. Kf3 Bc1 44. Ke2 Bxb2 45. Kd2 Kf6 46. h4 Ke5 47. Kc2 Ba1 48. Kb3 Kf6 49. Be4 Kg7 50. Kc4 1/2-1/2

[Event "12.Città di Padova Open A"]
[Site "Padova"]
[Date "2009.12.18"]
[Round "7.6"]
[White "Dragojlovic, Andjelko"]
[Black "Laketic, Gojko"]
[Result "1/2-1/2"]
[WhiteElo "2394"]
[BlackElo "2468"]
[Annotator "Gabriele Ballarin"]
[PlyCount "21"]
[EventDate "2009.12.13"]
[EventType "swiss"]
[EventRounds "9"]
[EventCountry "ITA"]

1. Nf3 Nf6 2. g3 g6 3. Bg2 Bg7 4. O-O O-O 5. d4 c6 6. b3 d5 7. Bb2 Bf5 8. Nbd2 Ne4 9. c4 Nd6 10. cxd5 cxd5 11. Nh4 1/2-1/2

[Event "12.Città di Padova Open A"]
[Site "Padova"]
[Date "2009.12.18"]
[Round "7.7"]
[White "Sanchez, Joseph"]
[Black "Quinn, Mark"]
[Result "0-1"]
[WhiteElo "2487"]
[BlackElo "2393"]
[Annotator "Gabriele Ballarin"]
[PlyCount "62"]
[EventDate "2009.12.13"]
[EventType "swiss"]
[EventRounds "9"]
[EventCountry "ITA"]

1. e4 c5 2. Nf3 d6 3. d4 Nf6 4. Nc3 cxd4 5. Nxd4 a6 6. Be3 e5 7. Nb3 Be6 8. Qd2 Nbd7 9. f4 Qc7 10. Be2 Rc8 11. O-O-O b5 12. Kb1 Be7 13. f5 Bc4 14. Rhe1 O-O 15. g4 b4 16. Nd5 Nxd5 17. exd5 Bh4 18. Rg1 Bxe2 19. Qxe2 f6 20. Qd3 Bg5 21. Rg2 a5 22. Bxg5 fxg5 23. Nd2 a4 24. Nf3 h6 25. h4 Nf6 26. Qd2 gxh4 27. Qxb4 h3 28. Rgd2 Rb8 29. Qxa4 Qc3 30. b3 Qxf3 31. Qc6 h2 0-1

[Event "12.Città di Padova Open A"]
[Site "Padova"]
[Date "2009.12.18"]
[Round "7.8"]
[White "Boscolo, Federico Meneguolo"]
[Black "Magrini, Fabrizio"]
[Result "0-1"]
[WhiteElo "1990"]
[BlackElo "1146"]
[Annotator "Gabriele Ballarin"]
[PlyCount "76"]
[EventDate "2009.12.13"]
[EventType "swiss"]
[EventRounds "9"]
[EventCountry "ITA"]

1. e4 c5 2. c3 Nf6 3. e5 Nd5 4. Nf3 e6 5. d4 cxd4 6. cxd4 d6 7. Bc4 Be7 8. O-O Nc6 9. Qe2 O-O 10. Rd1 Na5 11. Bd3 Nb4 12. exd6 Qxd6 13. Be4 f5 14. Bd3 Nxd3 15. Qxd3 Bf6 16. Nc3 b6 17. g3 Bb7 18. Bf4 Qc6 19. d5 exd5 20. Nd4 Qd7 21. Re1 Bxd4 22. Qxd4 Rac8 23. Rad1 Rc4 24. Qd3 d4 25. Re5 Qf7 26. Nb5 Qd7 27. Nc3 Kh8 28. f3 Ba6 29. Rde1 Qc8 30. Nb5 Rc5 31. Rxc5 Qxc5 32. a4 Qb4 33. Re5 Qxa4 34. Qxf5 Qa1+ 35. Kg2 Qxb2+ 36. Kg1 Qa1+ 37. Kg2 Qa2+ 38. Kg1 Rxf5 0-1

[Event "12.Città di Padova Open A"]
[Site "Padova"]
[Date "2009.12.18"]
[Round "7.9"]
[White "Bentivegna, Francesco"]
[Black "Salvador, Roland"]
[Result "1-0"]
[WhiteElo "2303"]
[BlackElo "2491"]
[Annotator "Gabriele Ballarin"]
[PlyCount "27"]
[EventDate "2009.12.13"]
[EventType "swiss"]
[EventRounds "9"]
[EventCountry "ITA"]

1. e4 c5 2. c3 g6 3. d4 Bg7 4. dxc5 Qc7 5. Nf3 Nf6 6. Bd3 Qxc5 7. O-O Nc6 8. Be3 Qh5 9. h3 d5 10. Nbd2 O-O 11. Be2 dxe4 12. Ng5 Qh4 13. g3 Qh6 14. Nxf7 1-0

[Event "12.Città di Padova Open A"]
[Site "Padova"]
[Date "2009.12.18"]
[Round "7.10"]
[White "Casciello, Dimitri"]
[Black "Genocchio, Daniele"]
[Result "1/2-1/2"]
[WhiteElo "2028"]
[BlackElo "2464"]
[Annotator "Gabriele Ballarin"]
[PlyCount "36"]
[EventDate "2009.12.13"]
[EventType "swiss"]
[EventRounds "9"]
[EventCountry "ITA"]

1. e4 e6 2. d4 d5 3. Nc3 Bb4 4. e5 c5 5. a3 Bxc3+ 6. bxc3 Ne7 7. h4 Bd7 8. h5 Ba4 9. h6 g6 10. Nf3 Qc7 11. Bd3 Nd7 12. Rh4 cxd4 13. cxd4 Qc3+ 14. Bd2 Qxd3 15. cxd3 Bxd1 16. Kxd1 O-O 17. Ke2 Nc6 18. Rb1 Rab8 1/2-1/2

[Event "12.Città di Padova Open A"]
[Site "Padova"]
[Date "2009.12.18"]
[Round "7.11"]
[White "Rettore, Ludwig"]
[Black "Garonzi, Martino"]
[Result "1-0"]
[WhiteElo "2197"]
[BlackElo "2028"]
[Annotator "Gabriele Ballarin"]
[PlyCount "151"]
[EventDate "2009.12.13"]
[EventType "swiss"]
[EventRounds "9"]
[EventCountry "ITA"]

1. d4 Nf6 2. Nf3 d6 3. c4 g6 4. g3 Bg7 5. Bg2 O-O 6. O-O c6 7. Nc3 Nbd7 8. e4 e5 9. d5 cxd5 10. cxd5 Nc5 11. Ne1 Bd7 12. b4 Na6 13. Nd3 Rc8 14. Bd2 Qe7 15. Qb3 Nh5 16. Be3 b6 17. Rfc1 Rc7 18. Qa3 Nb8 19. b5 f5 20. Nb4 Qf7 21. Bd2 f4 22. Be1 fxg3 23. hxg3 Bh6 24. Rc2 Nxg3 25. fxg3 Be3+ 26. Kh2 g5 27. Bf2 Bxf2 28. Rxf2 Qxf2 29. Rf1 Qc5 30. Na4 Qxb5 31. Rxf8+ Kxf8 32. Nc6 Rxc6 33. dxc6 Qxc6 34. Qf3+ Kg7 35. Nc3 Be6 36. Nd5 Bxd5 37. exd5 Qd7 38. Qh5 h6 39. Be4 Qf7 40. Qe2 Nd7 41. Bg2 Nc5 42. Qg4 Qd7 43. Qe2 Qa4 44. Qf2 Qd7 45. Qe2 Qe7 46. Qb2 Kg8 47. Qf2 e4 48. Qe3 Qe5 49. Qf2 e3 50. Qe2 Na4 51. Bh3 Nc3 52. Qh5 Kg7 53. Be6 Qf6 54. Qe8 Qf8 55. Qd7+ Kg6 56. g4 Kf6 57. Bf5 Qe7 58. Qc8 Qe5+ 59. Kh3 Kg7 60. Qc7+ Kf8 61. Be6 Qf6 62. Qc8+ Ke7 63. Qd7+ Kf8 64. Qxd6+ Qe7 65. Qb8+ Kg7 66. Qg8+ Kf6 67. Qh8+ Qg7 68. Qd8+ Ke5 69. Qc8 Ne4 70. Bf5 Qe7 71. Qh8+ Kf4 72. Qb2 Nf2+ 73. Kg2 Qe5 74. Qb4+ Ne4 75. d6 Qd5 76. Qxe4+ 1-0

[Event "12.Città di Padova Open A"]
[Site "Padova"]
[Date "2009.12.18"]
[Round "7.13"]
[White "Bondielli, Giorgio"]
[Black "Litrico, Paolo"]
[Result "1/2-1/2"]
[WhiteElo "1907"]
[BlackElo "1906"]
[Annotator "Gabriele Ballarin"]
[PlyCount "155"]
[EventDate "2009.12.13"]
[EventType "swiss"]
[EventRounds "9"]
[EventCountry "ITA"]

1. e4 e5 2. Nf3 Nc6 3. d4 exd4 4. Bc4 Nf6 5. O-O Bc5 6. c3 Nxe4 7. cxd4 d5 8. dxc5 dxc4 9. Qxd8+ Kxd8 10. Be3 Be6 11. Nbd2 Nxd2 12. Bxd2 h6 13. Bc3 Rg8 14. Rfe1 Ke7 15. Nd2 Kf8 16. Rad1 Re8 17. h3 f6 18. Nf3 Kf7 19. Nd4 Nxd4 20. Rxd4 Rd8 21. Red1 Rxd4 22. Rxd4 c6 23. f3 g5 24. Kf2 h5 25. h4 Bd5 26. g3 Kg6 27. a3 Re8 28. Bd2 Re7 29. Bb4 Re8 30. Bc3 Rd8 31. Ke3 Re8+ 32. Kf2 Rd8 33. Ke3 Re8+ 34. Kf2 a6 35. Bd2 Rd8 36. Bc3 Rd7 37. Ba5 Rf7 38. Bd2 Re7 39. Bc3 Rd7 40. Bd2 Rg7 41. Bc3 Kf7 42. Bd2 Ke6 43. Bc3 Rg8 44. Bd2 b6 45. hxg5 fxg5 46. Be3 bxc5 47. Rd2 Rf8 48. f4 gxf4 49. Bxc5 fxg3+ 50. Kxg3 Rf1 51. Rc2 Kd7 52. Bb4 Rg1+ 53. Kh3 Rh1+ 54. Rh2 Rg1 55. Bc3 Rg4 56. Rf2 Be6 57. Kh2 Bd5 58. Kh3 Be6 59. Kh2 h4 60. Re2 h3 61. Rf2 Re4 62. Rc2 Kc7 63. Rf2 Re3 64. Rd2 Bd5 65. Rf2 Rd3 66. Rd2 Rf3 67. Re2 Kd7 68. Bb4 Be6 69. Rd2+ Ke8 70. Bc3 Kf7 71. Re2 Bd5 72. Rd2 Kg6 73. Re2 Kf5 74. Rd2 Re3 75. Rf2+ Kg5 76. Rd2 Be4 77. Rf2 Rd3 78. Bd2+ 1/2-1/2

[Event "12.Città di Padova Open A"]
[Site "Padova"]
[Date "2009.12.18"]
[Round "7.14"]
[White "Antoniacci, Riccardo"]
[Black "Franco, Alessandro P"]
[Result "1-0"]
[WhiteElo "1895"]
[BlackElo "1638"]
[Annotator "Gabriele Ballarin"]
[PlyCount "67"]
[EventDate "2009.12.13"]
[EventType "swiss"]
[EventRounds "9"]
[EventCountry "ITA"]

1. e4 Nf6 2. e5 Nd5 3. d4 d6 4. Nf3 Bg4 5. c4 Nb6 6. h3 Bh5 7. g4 Bg6 8. Bg5 Nc6 9. exd6 cxd6 10. Na3 f6 11. Bd2 e6 12. Qe2 Be7 13. Qxe6 Bf7 14. Qe2 O-O 15. d5 Ne5 16. b3 Nbd7 17. Nd4 Re8 18. f4 Ng6 19. f5 Bf8 20. Ne6 Nf4 21. Bxf4 Qa5+ 22. Qd2 Qxa3 23. Bd3 b5 24. O-O Rac8 25. h4 bxc4 26. Bxc4 Ne5 27. Bxe5 dxe5 28. Qe2 Re7 29. g5 Bxe6 30. dxe6 Rec7 31. e7+ Rxc4 32. exf8=Q+ Kxf8 33. bxc4 Rxc4 34. Rf3 1-0

[Event "12.Città di Padova Open A"]
[Site "Padova"]
[Date "2009.12.18"]
[Round "7.15"]
[White "Belloni, Umberto"]
[Black "Zanini, Andrea"]
[Result "1/2-1/2"]
[WhiteElo "1858"]
[BlackElo "1669"]
[Annotator "Gabriele Ballarin"]
[PlyCount "87"]
[EventDate "2009.12.13"]
[EventType "swiss"]
[EventRounds "9"]
[EventCountry "ITA"]

1. d4 Nf6 2. c3 g6 3. Bg5 Bg7 4. Qc1 d5 5. Nd2 c5 6. e3 cxd4 7. cxd4 Nc6 8. Bb5 Bd7 9. Bxc6 Bxc6 10. Bxf6 Bxf6 11. Qc5 e6 12. Ngf3 Be7 13. Qc3 Rc8 14. Qb3 O-O 15. O-O f6 16. Rfc1 Qd7 17. Qd1 Rc7 18. g3 Rfc8 19. a3 Bb5 20. Kg2 a5 21. h4 Ba4 22. b3 Bb5 23. Rxc7 Qxc7 24. Ne1 e5 25. a4 Ba6 26. Ra2 Qc1 27. Ra1 Qxd1 28. Rxd1 Be2 29. Rb1 Bb4 30. Ndf3 e4 31. Ng1 Ba6 32. g4 Rc3 33. Nh3 b6 34. Nf4 Bb7 35. Ne2 Rc7 36. Ng3 Bc8 37. g5 f5 38. Ne2 Bb7 39. Nf4 Kf7 40. Kf1 Ba3 41. Ke2 Ba6+ 42. Kd1 Bb7 43. Nc2 Bd6 44. b4 1/2-1/2

[Event "12.Città di Padova Open A"]
[Site "Padova"]
[Date "2009.12.18"]
[Round "7.16"]
[White "Battagin_214, Mosè"]
[Black "Isatto, Davide"]
[Result "1-0"]
[WhiteElo "1916"]
[BlackElo "1947"]
[Annotator "Gabriele Ballarin"]
[PlyCount "33"]
[EventDate "2009.12.13"]
[EventType "swiss"]
[EventRounds "9"]
[EventCountry "ITA"]

1. e4 d6 2. d4 Nf6 3. Nc3 c6 4. f4 Qa5 5. e5 Ne4 6. Qf3 d5 7. Bd3 Nxc3 8. Bd2 Qb6 9. bxc3 h5 10. f5 e6 11. Ne2 c5 12. O-O Nc6 13. Nf4 cxd4 14. fxe6 fxe6 15. Ng6 Be7 16. Rab1 Qc5 17. Rb5 1-0

[Event "12.Città di Padova Open A"]
[Site "Padova"]
[Date "2009.12.18"]
[Round "7.18"]
[White "Lodi, Paolo"]
[Black "De Marchi, Alessandro"]
[Result "1-0"]
[WhiteElo "1627"]
[BlackElo "1654"]
[Annotator "Gabriele Ballarin"]
[PlyCount "42"]
[EventDate "2009.12.13"]
[EventType "swiss"]
[EventRounds "9"]
[EventCountry "ITA"]

1. Nf3 f5 2. d4 Nf6 3. g3 b6 4. Bg2 Bb7 5. O-O e6 6. Bg5 Be7 7. c4 O-O 8. Nc3 Ne4 9. Bxe7 Qxe7 10. Qc2 Nxc3 11. Qxc3 Be4 12. Rac1 c6 13. a3 g5 14. Qe3 h6 15. Rfd1 d5 16. cxd5 cxd5 17. Ne5 Bxg2 18. Kxg2 f4 19. Qd3 Qf6 20. f3 a5 21. Rc7 Na6 1-0

[Event "12.Città di Padova Open A"]
[Site "Padova"]
[Date "2009.12.19"]
[Round "8.1"]
[White "Grover, Sahaj"]
[Black "Zaja, Ivan"]
[Result "0-1"]
[WhiteElo "2372"]
[BlackElo "2463"]
[Annotator "Gabriele Ballarin"]
[PlyCount "96"]
[EventDate "2009.12.13"]
[EventType "swiss"]
[EventRounds "9"]
[EventCountry "ITA"]

1. e4 e5 2. Nf3 Nc6 3. Bb5 a6 4. Ba4 Nf6 5. O-O Be7 6. Re1 b5 7. Bb3 d6 8. c3 O-O 9. h3 Nb8 10. d4 Nbd7 11. Nbd2 Bb7 12. Bc2 Re8 13. Nf1 Bf8 14. Ng3 g6 15. b3 c6 16. Bg5 h6 17. Be3 Bg7 18. Qd2 Kh7 19. h4 Ng4 20. Rad1 Nxe3 21. Rxe3 exd4 22. cxd4 Nf6 23. h5 Ng4 24. Ree1 Bc8 25. Qd3 Re6 26. d5 Rf6 27. dxc6 Qc7 28. Qe2 Rb8 29. Rc1 Rb6 30. e5 dxe5 31. Be4 Bf8 32. Rf1 Kg7 33. hxg6 fxg6 34. Nh4 h5 35. f3 Nh6 36. Nxg6 Rxg6 37. Nxh5+ Kf7 38. f4 Nf5 39. Qc2 Rh6 40. Bxf5 Rbxc6 41. Bg6+ Rhxg6 42. fxe5+ Ke7 43. Qf2 Bh6 44. Rcd1 Ke8 45. Kh1 Bg4 46. Nf4 Bxd1 47. Nxg6 Rxg6 48. Rxd1 Bf8 0-1

[Event "12.Città di Padova Open A"]
[Site "Padova"]
[Date "2009.12.19"]
[Round "8.2"]
[White "Naumkin, Igor"]
[Black "Dervishi, Erald"]
[Result "0-1"]
[WhiteElo "2463"]
[BlackElo "2564"]
[Annotator "Gabriele Ballarin"]
[PlyCount "152"]
[EventDate "2009.12.13"]
[EventType "swiss"]
[EventRounds "9"]
[EventCountry "ITA"]

1. d4 Nf6 2. c4 e6 3. Nf3 b6 4. g3 Ba6 5. b3 Bb4+ 6. Bd2 Be7 7. Bg2 c6 8. Bc3 d5 9. Nbd2 Nbd7 10. O-O O-O 11. Re1 Bb7 12. e4 dxe4 13. Nxe4 Nxe4 14. Rxe4 c5 15. Re2 cxd4 16. Nxd4 Bxg2 17. Kxg2 Qc7 18. Rd2 Bf6 19. Qf3 a6 20. Rad1 Nc5 21. h4 Rad8 22. Kg1 Rfe8 23. Qg4 Qb7 24. f3 g6 25. h5 Bg7 26. hxg6 hxg6 27. b4 e5 28. Nc2 Rxd2 29. Rxd2 Ne6 30. Ne3 Nd4 31. Nd5 Qc6 32. Bxd4 exd4 33. Rxd4 f5 34. Qh4 Bxd4+ 35. Qxd4 Re6 36. Kg2 Re2+ 37. Kf1 Re6 38. Kg2 a5 39. b5 Qd6 40. a4 Re2+ 41. Kf1 Re6 42. Kg2 Qd8 43. g4 Kf7 44. Qf4 Re2+ 45. Kg3 Qc8 46. Qh6 Qg8 47. Qf4 Qc8 48. Qh6 Qg8 49. Qf4 Qd8 50. gxf5 g5 51. Qg4 Qh8 52. Qh3 Qe5+ 53. f4 gxf4+ 54. Kg4 Kg8 55. Nxf4 Re4 56. Qh6 Qg7+ 57. Qxg7+ Kxg7 58. c5 bxc5 59. Kg3 c4 60. f6+ Kf7 61. Kg4 Re1 62. Nd5 Rc1 63. b6 Re1 64. Kf4 Re8 65. Kf3 Rb8 66. Ke4 Ke6 67. Nc7+ Kxf6 68. Kd4 Kf5 69. Kc5 c3 70. Nd5 c2 71. Ne3+ Ke6 72. Nxc2 Rc8+ 73. Kb5 Rxc2 74. b7 Kd5 75. Ka6 Rb2 76. Ka7 Kc5 0-1

[Event "12.Città di Padova Open A"]
[Site "Padova"]
[Date "2009.12.19"]
[Round "8.3"]
[White "Lazic, Miroljub"]
[Black "Efimov, Igor"]
[Result "1/2-1/2"]
[WhiteElo "2454"]
[BlackElo "2435"]
[Annotator "Gabriele Ballarin"]
[PlyCount "21"]
[EventDate "2009.12.13"]
[EventType "swiss"]
[EventRounds "9"]
[EventCountry "ITA"]

1. e4 c6 2. d4 d5 3. exd5 cxd5 4. Bd3 Nc6 5. c3 Nf6 6. Bf4 Bg4 7. Qb3 Qc8 8. Nd2 e6 9. Ngf3 Bxf3 10. Nxf3 Be7 11. O-O 1/2-1/2

[Event "12.Città di Padova Open A"]
[Site "Padova"]
[Date "2009.12.19"]
[Round "8.4"]
[White "Fercec, Nenad"]
[Black "Borgo, Giulio"]
[Result "1/2-1/2"]
[WhiteElo "2483"]
[BlackElo "2439"]
[Annotator "Gabriele Ballarin"]
[PlyCount "120"]
[EventDate "2009.12.13"]
[EventType "swiss"]
[EventRounds "9"]
[EventCountry "ITA"]

1. e4 e5 2. Nf3 d6 3. d4 exd4 4. Nxd4 Nf6 5. Nc3 Be7 6. Bf4 O-O 7. Be2 Na6 8. O-O Nc5 9. Bf3 Ne6 10. Nxe6 Bxe6 11. Qd4 Ne8 12. Nd5 Bg5 13. Bxg5 Qxg5 14. Rad1 c6 15. Ne3 Qa5 16. b3 Rd8 17. Rd3 f6 18. Rfd1 Rf7 19. h3 Nc7 20. c4 Rfd7 21. Bg4 Bxg4 22. Nxg4 Ne6 23. Qb2 Qg5 24. Rf3 Kh8 25. Rf5 Qg6 26. Kh2 Ng5 27. f3 Nf7 28. Qf2 a6 29. Qh4 Ne5 30. Ne3 Qe8 31. Qg3 b5 32. cxb5 axb5 33. Rd2 Ng6 34. Rh5 Nf4 35. Rh4 Ng6 36. Rh5 d5 37. Nf5 Nf8 38. Rh4 g6 39. Nh6 d4 40. Ng4 Qe6 41. e5 f5 42. Nf6 g5 43. Qxg5 Qxe5+ 44. f4 Qe6 45. Re2 Qf7 46. Nxd7 Rxd7 47. Re5 d3 48. Rxf5 Qg7 49. Rxf8+ Qxf8 50. Qe5+ Kg8 51. Rg4+ Rg7 52. Qd4 Rxg4 53. hxg4 c5 54. Qxd3 Qxf4+ 55. Kh3 c4 56. Qd5+ Kg7 57. Qd7+ Kg8 58. Qxb5 Qh6+ 59. Kg3 Qe3+ 60. Kh4 Qh6+ 1/2-1/2

[Event "12.Città di Padova Open A"]
[Site "Padova"]
[Date "2009.12.19"]
[Round "8.5"]
[White "Dvirnyy, Danyyil"]
[Black "Laketic, Gojko"]
[Result "1/2-1/2"]
[WhiteElo "2461"]
[BlackElo "2468"]
[Annotator "Gabriele Ballarin"]
[PlyCount "94"]
[EventDate "2009.12.13"]
[EventType "swiss"]
[EventRounds "9"]
[EventCountry "ITA"]

1. e4 d6 2. d4 Nf6 3. Nc3 e5 4. Nf3 Nbd7 5. Bc4 Be7 6. O-O O-O 7. a4 a5 8. Re1 c6 9. Ba2 Qb6 10. h3 exd4 11. Qxd4 Qb4 12. Bd2 Ne5 13. Qe3 Nc4 14. Bxc4 Qxc4 15. b3 Qc5 16. Bc1 Nd7 17. Ba3 Qxe3 18. Rxe3 Nc5 19. Rd1 Re8 20. Re2 Bf8 21. Bc1 f5 22. exf5 Bxf5 23. Nd4 Bg6 24. Rde1 Rxe2 25. Rxe2 d5 26. Bf4 Na6 27. Na2 Bc5 28. c3 Bd3 29. Re3 Be4 30. Nc1 Re8 31. f3 Bg6 32. Rxe8+ Bxe8 33. Kf2 b5 34. Nd3 Bb6 35. Be3 bxa4 36. bxa4 c5 37. Ne6 d4 38. cxd4 cxd4 39. Bxd4 Bxd4+ 40. Nxd4 Bxa4 41. Ke3 Be8 42. Ne5 Nc7 43. Kd3 Nb5 44. Ndc6 a4 45. Kc4 Bxc6 46. Nxc6 a3 47. Nb4 Nd6+ 1/2-1/2

[Event "12.Città di Padova Open A"]
[Site "Padova"]
[Date "2009.12.19"]
[Round "8.6"]
[White "Dragojlovic, Andjelko"]
[Black "Bentivegna, Francesco"]
[Result "1/2-1/2"]
[WhiteElo "2394"]
[BlackElo "2303"]
[Annotator "Gabriele Ballarin"]
[PlyCount "20"]
[EventDate "2009.12.13"]
[EventType "swiss"]
[EventRounds "9"]
[EventCountry "ITA"]

1. Nf3 d5 2. g3 Bg4 3. Bg2 Nd7 4. c4 e6 5. O-O c6 6. b3 Ngf6 7. Bb2 Be7 8. d3 O-O 9. Nbd2 a5 10. e4 Bh5 1/2-1/2

[Event "12.Città di Padova Open A"]
[Site "Padova"]
[Date "2009.12.19"]
[Round "8.7"]
[White "Quinn, Mark"]
[Black "Magrini, Fabrizio"]
[Result "1-0"]
[WhiteElo "2393"]
[BlackElo "2146"]
[Annotator "Gabriele Ballarin"]
[PlyCount "49"]
[EventDate "2009.12.13"]
[EventType "swiss"]
[EventRounds "9"]
[EventCountry "ITA"]

1. c4 Nf6 2. Nc3 g6 3. d4 d5 4. cxd5 Nxd5 5. e4 Nxc3 6. bxc3 Bg7 7. Bc4 c5 8. Ne2 O-O 9. O-O Nc6 10. Be3 Qc7 11. Rc1 Rd8 12. Qe1 Qa5 13. Rd1 cxd4 14. cxd4 Qxe1 15. Rfxe1 e6 16. Bg5 Re8 17. Bb5 Bd7 18. Be3 Ne5 19. Rb1 Bxb5 20. Rxb5 Nc6 21. Rxb7 Rad8 22. e5 f6 23. Rc1 Re7 24. Rb5 Nb8 25. Bf4 1-0

[Event "12.Città di Padova Open A"]
[Site "Padova"]
[Date "2009.12.19"]
[Round "8.8"]
[White "Kizov, Atanas"]
[Black "Rettore, Ludwig"]
[Result "1-0"]
[WhiteElo "2415"]
[BlackElo "2197"]
[Annotator "Gabriele Ballarin"]
[PlyCount "109"]
[EventDate "2009.12.13"]
[EventType "swiss"]
[EventRounds "9"]
[EventCountry "ITA"]

1. d4 d5 2. c4 c6 3. Nf3 e6 4. Nbd2 Nf6 5. g3 Nbd7 6. Bg2 Be7 7. O-O O-O 8. Qc2 b6 9. e4 dxe4 10. Nxe4 Bb7 11. Rd1 Qc8 12. Ne5 h6 13. Bf4 Rd8 14. Nxf6+ Nxf6 15. Qe2 c5 16. dxc5 Bxg2 17. Kxg2 Qxc5 18. Qf3 Rac8 19. h4 Bd6 20. b4 Qc7 21. Re1 Bxe5 22. Bxe5 Qc6 23. Rac1 Qxf3+ 24. Kxf3 Rd3+ 25. Re3 Rd2 26. Bxf6 gxf6 27. a3 Rd4 28. Rec3 f5 29. Ke3 Re4+ 30. Kf3 Rd4 31. R1c2 Kg7 32. Kg2 Kf6 33. c5 bxc5 34. Rxc5 Rxc5 35. Rxc5 Rd6 36. Ra5 a6 37. Kf3 Rd3+ 38. Ke2 Rd6 39. Ke3 Kg6 40. Rc5 Kf6 41. Rc7 Kg6 42. Ra7 Kf6 43. Rb7 Kg6 44. a4 Kf6 45. a5 Rd1 46. Rb6 Rb1 47. Kd4 Rb2 48. f4 Rb3 49. Kc5 Rc3+ 50. Kd6 Rxg3 51. Rxa6 Rf3 52. Rc6 Rxf4 53. b5 Ra4 54. a6 f4 55. Rc1 1-0

[Event "12.Città di Padova Open A"]
[Site "Padova"]
[Date "2009.12.19"]
[Round "8.9"]
[White "Di Lazzaro, Gabriele"]
[Black "Sanchez, Joseph"]
[Result "0-1"]
[WhiteElo "1930"]
[BlackElo "2487"]
[Annotator "Gabriele Ballarin"]
[PlyCount "54"]
[EventDate "2009.12.13"]
[EventType "swiss"]
[EventRounds "9"]
[EventCountry "ITA"]

1. e4 c5 2. c3 d5 3. exd5 Qxd5 4. d4 Nf6 5. Nf3 Bg4 6. Be2 e6 7. O-O Nc6 8. Be3 Rd8 9. dxc5 Qxd1 10. Bxd1 Nd5 11. Bd4 f6 12. Re1 Be7 13. h3 Bxf3 14. Bxf3 e5 15. Bxd5 Rxd5 16. Be3 f5 17. Na3 f4 18. Bc1 Rxc5 19. Rd1 Kf7 20. Kf1 g5 21. Nc2 h5 22. g3 Ke6 23. Bd2 Rd8 24. gxf4 gxf4 25. f3 Rcd5 26. Ke2 e4 27. c4 exf3+ 0-1